| 000 | 00702cam a22002531 4500 | ||
|---|---|---|---|
| 001 | sa 67002675 | ||
| 003 | DLC | ||
| 005 | 20260227112332.0 | ||
| 008 | 770113s1966 ii f000 0 eng | ||
| 010 | _asa 67002675 | ||
| 035 | _a(OCoLC)2676270 | ||
| 040 |
_aDLC _cMiDW _dMiDW _dOCoLC _dDNLM _dDLC |
||
| 042 | _apremarc | ||
| 050 | 0 | 0 |
_aRS125 _b.I5 1966 |
| 060 | _aQV 740 I14 M67 1966 | ||
| 082 | _a615/.1/0954 | ||
| 110 | 1 |
_aIndia (Republic). _bMinistry of Health. |
|
| 245 | 1 | 0 | _aNational formulary of India. |
| 250 | _a2d ed. | ||
| 260 |
_a[New Delhi] _c1966. |
||
| 300 |
_avii, 534 p. _c17 cm. |
||
| 650 | 0 |
_aMedicine _xFormulae, receipts, prescriptions. |
|
| 650 | 0 |
_aPharmacopoeias _zIndia. |
|
| 999 |
_c73366 _d73366 |
||